00631nam a2200193Ia 4500008004100000020001400041082001400055100001600069245004100085250000700126260003600133300002600169500001900195600002100214650005000235942000700285952013000292999001500422240925s9999 xx 000 0 und d a306429748 a004.6 FRE aFreer, John 0aComputer Communications and Networks aNA aNew York:bPlenum Pressc,1988. aix,820p.bNAfPirated aIncludes Index aComputer Science aComputer science, information & general works cBK 001040708CSaUITUbUITUd1997-03-07eRoyal Book Companyg2580.00l0o004.6 FREpQ0931r2024-09-25 07:12:15w2024-09-25yBK c3430d3430